00911nam a2200217Ia 4500003000900000008004100009040001600050080002000066100003000086111009000116245021400206260000900420300001300429490003800442650004100480650002200521700003100543942000700574999001500581952009700596IN-BaIIA211028s9999 xx 000 0 eng d cIIA Library a524(082.2)bDOU aWilliams Alton, C.915906 aWorkshop on Double Layers in AstrophysicscMaryland, USAd1985 Sep. 30- Oct. 4915907 0aDouble layers in astrophysicsbproceeding of the workshop on double layers in astrophysics, held in Maryland, USA, September 30th- October 4, 1985c C. Williams Alton  c1987 ax, 328p. aNASA conference publication; 2469 aAstronomy and astrophysics thesaurus aAstrophysics9794 aMoorehead Tauna, W.915908 cBK c9455d9455 00104070aBANbBANcGENd0000-00-00l0o524(082.2)/ DOUp10365r2021-11-05w0000-00-00yBK